Engorde de terneras sobre verdeos de invierno /

Guardado en:
Autor Principal: Cevedio, Rodrigo.
Autor Corporativo: Universidad Nacional del Sur. Departamento de Agronomía.
Otros Autores: Lutz, Eugenio E., (tutor.)
Formato: Libro
Idioma:Spanish
Publicado: Bahía Blanca, 2003.
Etiquetas: Agregar Etiqueta
Sin Etiquetas, Sea el primero en etiquetar este registro!
LEADER 00674nam a22001695a 4500
001 EEA.libagro007161
005 20180601095631.0
008 130809s2003####ag#a##########000#0#spa#d
082 0 4 |a 636.2084 
100 1 |a Cevedio, Rodrigo. 
245 1 0 |a Engorde de terneras sobre verdeos de invierno /  |c Rodrigo Cevedio. 
260 |a Bahía Blanca,  |c 2003. 
300 |a 34 h. :  |b il. ;  |c 30 cm. 
500 |a Trabajo de intensificación (Ingeniero Agrónomo) -- Universidad Nacional del Sur. Departamento de Agronomía, 2003. 
700 1 |a Lutz, Eugenio E.,  |e tutor. 
710 2 |a Universidad Nacional del Sur.  |b Departamento de Agronomía. 
859 |a AR-BbBCA  |b BIB. AGRONOMIA  |h 636.2084  |i C424  |p 2004/4532